| 000 | 00881 a2200157 4500 | ||
|---|---|---|---|
| 003 | Nust | ||
| 005 | 20170207154458.0 | ||
| 040 | _cNust | ||
| 100 | _aChristopher L. Dwyer | ||
| 245 |
_aSelf-Assembled Computer Architecture: Design and Fabrication Theory (E-Book) _cChristopher L. Dwyer |
||
| 260 |
_aChristopher Leonard Dwyer ALL RIGHTS RESERVED _c© 2003 |
||
| 300 | _a235p; | ||
| 505 | _aIntroduction. (Page-1)Related work (Page-9)3D Nanoscale circuit fabrication (Page-15)Structural stability and yield (PAge-41)Custom design tools (PAge-47)Power and interconnect (Page-51) The oracle architecture (Page-61) The decoupled array multi-processor (DAMP) (Page-79) Simulation methods and results (page-121) Thermal evaluation (page-151)Applications and performance (Page-161) | ||
| 538 | _aE-Book | ||
| 651 | _aSelf-Assembled Computer Architecture: Design and Fabrication Theory (E-Book) | ||
| 942 |
_2ddc _cBK |
||
| 999 |
_c197897 _d197897 |
||